书目信息 |
| 题名: |
职业生涯规划
|
|
| 作者: | 蒋乃平 主编 | |
| 分册: | ||
| 出版信息: | 北京 高等教育出版社 2019.08 |
|
| 页数: | 187页 | |
| 开本: | 26cm | |
| 丛书名: | ||
| 单 册: | ||
| 中图分类: | G717.38 | |
| 科图分类: | ||
| 主题词: | 职业选择--中等专业教育--教材 | |
| 电子资源: | ||
| ISBN: | 978-7-04-052284-6 | |
| 000 | 00897nam0 2200265 450 | |
| 001 | 0108153916 | |
| 005 | 20210322112032.41 | |
| 010 | @a978-7-04-052284-6@dCNY22.80 | |
| 100 | @a20190921d2019 em y0chiy50 ea | |
| 101 | 0 | @achi |
| 102 | @aCN@b110000 | |
| 105 | @aa z 000yy | |
| 106 | @ar | |
| 200 | 1 | @a职业生涯规划@Azhi ye sheng ya gui hua@f蒋乃平主编 |
| 205 | @a4版 | |
| 210 | @a北京@c高等教育出版社@d2019.08 | |
| 215 | @a187页@c图@d26cm | |
| 300 | @a中等职业教育课程改革国家规划新教材 | |
| 330 | @a本书包括“职业生涯规划与职业理想”“职业生涯发展条件与机遇”“职业生涯发展目标与措施”“职业生涯发展与就业、创业”“职业生涯规划管理、调整与评价”五个单元内容。 | |
| 510 | 1 | @aCareer planning@zeng |
| 606 | 0 | @a职业选择@x中等专业教育@j教材 |
| 690 | @aG717.38@v5 | |
| 701 | 0 | @a蒋乃平@Ajiang nai ping@4主编 |
| 801 | 0 | @aCN@bBJSZM@c20210308 |
| 905 | @b1273123-6@dG717.38@e64=4@f4 | |
| 职业生涯规划/蒋乃平主编.-4版.-北京:高等教育出版社,2019.08 |
| 187页:图;26cm |
| 中等职业教育课程改革国家规划新教材 |
| ISBN 978-7-04-052284-6:CNY22.80 |
| 本书包括“职业生涯规划与职业理想”“职业生涯发展条件与机遇”“职业生涯发展目标与措施”“职业生涯发展与就业、创业”“职业生涯规划管理、调整与评价”五个单元内容。 |
| ● |
| 相关链接 |
|
|
|
|
正题名:职业生涯规划
索取号:G717.38/64=4
 
预约/预借
| 序号 | 登录号 | 条形码 | 馆藏地/架位号 | 状态 | 备注 |
| 1 | 1273123 | 212731230 | 第一样本阅览室/ [索取号:G717.38/64=4] | 在馆 | |
| 2 | 1273124 | 212731249 | 教育系资料室/ [索取号:G717.38/64=4] | 在馆 | |
| 3 | 1273125 | 212731258 | 教育系资料室/ [索取号:G717.38/64=4] | 在馆 | |
| 4 | 1273126 | 212731267 | 第四借阅区/ [索取号:G717.38/64=4] | 在馆 |